<?xml version="1.0" encoding="UTF-8"?>
<collection xmlns="http://www.loc.gov/MARC21/slim">
 <record>
  <leader>03733nas a2200433   4500</leader>
  <controlfield tag="001">1/50478</controlfield>
  <controlfield tag="008">090616s20079999gr hrzp       0   g0gre d</controlfield>
  <datafield tag="022" ind1=" " ind2=" ">
   <subfield code="a">1791-0366</subfield>
  </datafield>
  <datafield tag="035" ind1=" " ind2=" ">
   <subfield code="l">40291</subfield>
  </datafield>
  <datafield tag="040" ind1=" " ind2=" ">
   <subfield code="a">GR-PeUP</subfield>
  </datafield>
  <datafield tag="090" ind1=" " ind2=" ">
   <subfield code="a">Αλφαβητική σειρά</subfield>
  </datafield>
  <datafield tag="245" ind1="0" ind2="0">
   <subfield code="a">Χρηματοπιστωτικό δίκαιο :</subfield>
   <subfield code="b">τετραμηνιαία έκδοση νομοθεσίας, μελετών και νομολογίας της Ελληνικής Εταιρείας Τραπεζικού Δικαίου και Δικαίου της Κεφαλαιοαγοράς.</subfield>
  </datafield>
  <datafield tag="260" ind1="0" ind2=" ">
   <subfield code="a">Αθήνα :</subfield>
   <subfield code="b">Νομική Βιβλιοθήκη,</subfield>
   <subfield code="c">2007-</subfield>
  </datafield>
  <datafield tag="300" ind1=" " ind2=" ">
   <subfield code="a">τ. ;</subfield>
   <subfield code="b">28 εκ.</subfield>
  </datafield>
  <datafield tag="310" ind1=" " ind2=" ">
   <subfield code="a">Τετραμηνιαίο</subfield>
  </datafield>
  <datafield tag="362" ind1="0" ind2=" ">
   <subfield code="a">Τομ. 3, τχ. 7 (Ιαν.-Απρ. 2009)-</subfield>
  </datafield>
  <datafield tag="650" ind1=" " ind2="4">
   <subfield code="a">Τραπεζικό δίκαιο</subfield>
   <subfield code="v">--Περιοδικά.</subfield>
  </datafield>
  <datafield tag="852" ind1=" " ind2=" ">
   <subfield code="a">INST</subfield>
   <subfield code="b">UNIPILB</subfield>
   <subfield code="c">SERIALS</subfield>
   <subfield code="e">20091102</subfield>
   <subfield code="h">Αλφαβητική σειρά</subfield>
   <subfield code="p">65184</subfield>
   <subfield code="q">65184</subfield>
   <subfield code="t">NOLOAN</subfield>
   <subfield code="v">τομ.3;τεύχ.8:(Μήνες)Μάιος-Αύγ. 2009</subfield>
   <subfield code="y">23</subfield>
  </datafield>
  <datafield tag="852" ind1=" " ind2=" ">
   <subfield code="a">INST</subfield>
   <subfield code="b">UNIPILB</subfield>
   <subfield code="c">SERIALS</subfield>
   <subfield code="e">20100419</subfield>
   <subfield code="h">Αλφαβητική σειρά</subfield>
   <subfield code="p">67920</subfield>
   <subfield code="q">67920</subfield>
   <subfield code="t">NOLOAN</subfield>
   <subfield code="v">τομ.3;τεύχ.9:(Μήνες)Σεπ.-Δεκ. 2009</subfield>
   <subfield code="y">23</subfield>
  </datafield>
  <datafield tag="852" ind1=" " ind2=" ">
   <subfield code="a">INST</subfield>
   <subfield code="b">UNIPILB</subfield>
   <subfield code="c">SERIALS</subfield>
   <subfield code="e">20100909</subfield>
   <subfield code="h">Αλφαβητική σειρά</subfield>
   <subfield code="p">69801</subfield>
   <subfield code="q">69801</subfield>
   <subfield code="t">NOLOAN</subfield>
   <subfield code="v">τομ.4;τεύχ.10:(Μήνες)Ιαν.-Απρ. 2010</subfield>
   <subfield code="y">23</subfield>
  </datafield>
  <datafield tag="852" ind1=" " ind2=" ">
   <subfield code="a">INST</subfield>
   <subfield code="b">UNIPILB</subfield>
   <subfield code="c">SERIALS</subfield>
   <subfield code="e">20101126</subfield>
   <subfield code="h">Αλφαβητική σειρά</subfield>
   <subfield code="p">70667</subfield>
   <subfield code="q">70667</subfield>
   <subfield code="t">NOLOAN</subfield>
   <subfield code="v">τομ.3;τεύχ.11:(Μήνες)Μάϊος-Αύγ.;(Έτος)2010</subfield>
   <subfield code="y">23</subfield>
  </datafield>
  <datafield tag="852" ind1=" " ind2=" ">
   <subfield code="a">INST</subfield>
   <subfield code="b">UNIPILB</subfield>
   <subfield code="c">SERIALS</subfield>
   <subfield code="e">20110330</subfield>
   <subfield code="h">Αλφαβητική σειρά</subfield>
   <subfield code="p">71507</subfield>
   <subfield code="q">71507</subfield>
   <subfield code="t">NOLOAN</subfield>
   <subfield code="v">τομ.3;τεύχ.12:(Μήνες)Σεπ.-Δεκ. 2010</subfield>
   <subfield code="y">23</subfield>
  </datafield>
  <datafield tag="852" ind1=" " ind2=" ">
   <subfield code="a">INST</subfield>
   <subfield code="b">UNIPILB</subfield>
   <subfield code="c">SERIALS</subfield>
   <subfield code="e">20110715</subfield>
   <subfield code="h">Αλφαβητική σειρά</subfield>
   <subfield code="p">72292</subfield>
   <subfield code="q">72292</subfield>
   <subfield code="t">NOLOAN</subfield>
   <subfield code="v">τομ.5;τεύχ.13:(Μήνες)Ιαν.-Απρ. 2011</subfield>
   <subfield code="y">23</subfield>
  </datafield>
  <datafield tag="852" ind1=" " ind2=" ">
   <subfield code="a">INST</subfield>
   <subfield code="b">UNIPILB</subfield>
   <subfield code="c">SERIALS</subfield>
   <subfield code="e">20111031</subfield>
   <subfield code="h">Αλφαβητική σειρά</subfield>
   <subfield code="p">73172</subfield>
   <subfield code="q">73172</subfield>
   <subfield code="t">NOLOAN</subfield>
   <subfield code="v">τομ.5;τεύχ.14:(Μήνες)Μάιος-Αύγ. 2011</subfield>
   <subfield code="y">23</subfield>
  </datafield>
  <datafield tag="852" ind1=" " ind2=" ">
   <subfield code="a">INST</subfield>
   <subfield code="b">UNIPILB</subfield>
   <subfield code="c">SERIALS</subfield>
   <subfield code="e">20120228</subfield>
   <subfield code="h">Αλφαβητική σειρά</subfield>
   <subfield code="p">74590</subfield>
   <subfield code="q">74590</subfield>
   <subfield code="t">NOLOAN</subfield>
   <subfield code="v">τομ.5;τεύχ.15:(Μήνες)Σεπ.-Δεκ. 2011</subfield>
   <subfield code="y">23</subfield>
  </datafield>
  <datafield tag="852" ind1=" " ind2=" ">
   <subfield code="a">INST</subfield>
   <subfield code="b">UNIPILB</subfield>
   <subfield code="c">SERIALS</subfield>
   <subfield code="e">20120706</subfield>
   <subfield code="h">Αλφαβητική σειρά</subfield>
   <subfield code="p">76016</subfield>
   <subfield code="q">76016</subfield>
   <subfield code="t">NOLOAN</subfield>
   <subfield code="v">τομ.6;τεύχ.16:(Μήνες)Ιαν.-Απρ. 2012</subfield>
   <subfield code="y">23</subfield>
  </datafield>
  <datafield tag="852" ind1=" " ind2=" ">
   <subfield code="a">INST</subfield>
   <subfield code="b">UNIPILB</subfield>
   <subfield code="c">SERIALS</subfield>
   <subfield code="e">20121113</subfield>
   <subfield code="h">Αλφαβητική σειρά</subfield>
   <subfield code="p">77098</subfield>
   <subfield code="q">77098</subfield>
   <subfield code="t">NOLOAN</subfield>
   <subfield code="v">τομ.6;τεύχ.17:(Μήνες)Μάιος-Αύγ. 2012</subfield>
   <subfield code="y">23</subfield>
  </datafield>
  <datafield tag="852" ind1=" " ind2=" ">
   <subfield code="a">INST</subfield>
   <subfield code="b">UNIPILB</subfield>
   <subfield code="c">SERIALS</subfield>
   <subfield code="e">20130313</subfield>
   <subfield code="h">Αλφαβητική σειρά</subfield>
   <subfield code="p">78391</subfield>
   <subfield code="q">78391</subfield>
   <subfield code="t">NOLOAN</subfield>
   <subfield code="v">τομ.6;τεύχ.18:(Μήνες)Σεπ.-Δεκ. 2012</subfield>
   <subfield code="y">23</subfield>
  </datafield>
  <datafield tag="852" ind1=" " ind2=" ">
   <subfield code="a">INST</subfield>
   <subfield code="b">UNIPILB</subfield>
   <subfield code="c">SERIALS</subfield>
   <subfield code="e">20130715</subfield>
   <subfield code="h">Αλφαβητική σειρά</subfield>
   <subfield code="p">80521</subfield>
   <subfield code="q">80521</subfield>
   <subfield code="t">NOLOAN</subfield>
   <subfield code="v">τομ.7;τεύχ.19:(Μήνες)Ιαν.-Απρ. 2013</subfield>
   <subfield code="y">23</subfield>
  </datafield>
  <datafield tag="852" ind1=" " ind2=" ">
   <subfield code="a">INST</subfield>
   <subfield code="b">UNIPILB</subfield>
   <subfield code="c">SERIALS</subfield>
   <subfield code="e">20090618</subfield>
   <subfield code="h">Αλφαβητική σειρά</subfield>
   <subfield code="p">NB000350</subfield>
   <subfield code="q">NB000350</subfield>
   <subfield code="t">NOLOAN</subfield>
   <subfield code="v">τομ.3;τεύχ.7:(Μήνες)Ιαν.-Απρ.;(Έτος)2009</subfield>
   <subfield code="y">23</subfield>
  </datafield>
  <datafield tag="900" ind1=" " ind2=" ">
   <subfield code="a">Τομ. 7 τχ. 20 (Μάιος-Αύγ. 2013)</subfield>
   <subfield code="b">Οφειλόμενο</subfield>
   <subfield code="c">13/06/2017</subfield>
  </datafield>
  <datafield tag="950" ind1=" " ind2=" ">
   <subfield code="a">01/01/2009</subfield>
   <subfield code="c">ΝΟΜΙΚΗ ΒΙΒΛΙΟΘΗΚΗ ΑΕΒΕ</subfield>
   <subfield code="d">780</subfield>
  </datafield>
  <datafield tag="951" ind1=" " ind2=" ">
   <subfield code="a">Τομ. 7 τχ. 19 (Ιαν.-Απρ. 2013)</subfield>
   <subfield code="b">Main run</subfield>
  </datafield>
  <datafield tag="951" ind1=" " ind2=" ">
   <subfield code="a">Τομ. 3 τχ. 7 (Ιαν. 2009) - Τομ. 3 τχ. 9 (Δεκ. 2009)</subfield>
   <subfield code="b">Main run</subfield>
  </datafield>
  <datafield tag="951" ind1=" " ind2=" ">
   <subfield code="a">Τομ. 4 τχ. 10 (Ιαν.-Απρ. 2010)</subfield>
   <subfield code="b">Main run</subfield>
  </datafield>
  <datafield tag="951" ind1=" " ind2=" ">
   <subfield code="a">Τομ. 4 τχ. 11  (Μάϊος-Αύγ. 2010)</subfield>
   <subfield code="b">Main run</subfield>
  </datafield>
  <datafield tag="951" ind1=" " ind2=" ">
   <subfield code="a">Τομ. 4 τχ. 12 (Σεπ.-Δεκ. 2010)</subfield>
   <subfield code="b">Main run</subfield>
  </datafield>
  <datafield tag="951" ind1=" " ind2=" ">
   <subfield code="a">Τομ. 5 τχ. 13 (Ιαν. 2011) - Τομ. 5 τχ. 15 (Δεκ. 2011)</subfield>
   <subfield code="b">Main run</subfield>
  </datafield>
  <datafield tag="951" ind1=" " ind2=" ">
   <subfield code="a">Τομ. 6 τχ. 16 (Ιαν. 2012) - Τομ. 6 τχ. 18 (Δεκ. 2012)</subfield>
   <subfield code="b">Main run</subfield>
  </datafield>
 </record>
</collection>
